Tous les joueurs du PSG (2015-) - Statistiques

Statistiques générales
  • Ce quiz a été pris 588 fois
    65 depuis la dernière actualisation
  • Le résultat moyen est 68 sur 137
Statistiques - réponses
Poste Période Matchs Nationalités Joueurs % Correct
M 2023-2024 5 France Ethan Mbappé
98%
A 2017-2024 308 France Kylian Mbappé
98%
A 2013-2020 301 Uruguay Edinson Cavani
96%
D 2013- 521 Brésil Marquinhos
94%
M 2015-2022 295 Argentine Angel Di Maria
91%
M 2012-2023 416 Italie Marco Verratti
91%
A 2017-2023 173 Brésil Neymar
91%
A 2012-2016 180 Suède Zlatan Ibrahimovic
91%
D 2021- 206 Maroc Achraf Hakimi
89%
A 2023- 149 France Bradley Barcola
89%
D 2021-2023 58 Espagne Sergio Ramos
89%
D 2024- 97 Equateur Willian Pacho
89%
G 2021-2025 161 Italie Gianluigi Donnarumma
87%
A 2023- 128 Portugal Gonçalo Ramos
87%
M 2024- 95 Portugal Joao Neves
87%
D 2021- 172 Portugal Nuno Mendes
87%
D 2012-2020 315 Brésil Thiago Silva
87%
M 2022- 197 Portugal Vitinha
87%
M 2022- 180 France Warren Zaïre-Emery
87%
M 2024- 99 France Désiré Doué
85%
A 2021-2023 75 Argentine Lionel Messi
85%
M 2011-2017 295 France Blaise Matuidi
83%
M 2022- 164 Espagne Fabian Ruiz
83%
G 2024- 41 Russie Matvey Safonov
83%
A 2023- 132 France Ousmane Dembélé
81%
D 2014-2025 241 France Presnel Kimpembe
81%
M 2023- 124 Corée du Sud Lee Kang-in
79%
M 2024- 81 France Senny Mayulu
79%
M 2017-2023 197 Allemagne Julian Draxler
77%
G 2019-2024 114 Costa Rica Keylor Navas
77%
G 2025- 26 France Lucas Chevalier
77%
D 2023- 105 France Lucas Hernandez
77%
M 2019-2022 111 Sénégal Idrissa Gueye
74%
D 2024- 84 Brésil Lucas Beraldo
74%
A 2012-2016 161 Argentine Ezequiel Lavezzi
72%
G 2015-2019 91 Allemagne Kevin Trapp
72%
M 2019-2023 117 Argentine Leandro Paredes
72%
A 2013-2018 229 Brésil Lucas Moura
72%
M 2012-2018 231 Italie Thiago Motta
72%
M 2012-2019 227 France Adrien Rabiot
70%
G 2018-2019 25 Italie Gianluigi Buffon
70%
M 2011-2018 269 Argentine Javier Pastore
70%
A 2025- 76 Géorgie Khvicha Kvaratskhelia
70%
D 2018-2022 128 Allemagne Thilo Kehrer
68%
D 2016-2020 128 Belgique Thomas Meunier
68%
G 2012-2022 107 France Alphonse Areola
66%
M 2020-2024 157 Portugal Danilo Pereira
66%
D 2018-2025 128 Espagne Juan Bernat
66%
M 2023-2024 37 Uruguay Manuel Ugarte
66%
A 2019-2023 92 Argentine Mauro Icardi
66%
A 2020-2021 41 Italie Moise Kean
66%
G 2011-2017 190 Italie Salvatore Sirigu
66%
D 2017-2019 73 Brésil Daniel Alves
64%
D 2012-2016 132 Pays-Bas Gregory Van Der Wiel
64%
D 2025- 34 Ukraine Ilya Zabarnyi
64%
D 2012-2017 214 Brésil Maxwell
64%
D 2020-2021 36 Italie Alessandro Florenzi
62%
A 2024- 40 France Ibrahim Mbaye
62%
M 2019-2023 98 Espagne Pablo Sarabia
62%
M 2022-2024 63 Espagne Carlos Soler
60%
D 2014-2016 85 Brésil David Luiz
60%
D 2019-2023 75 Sénégal Abdou Diallo
57%
M 2019-2023 95 Espagne Ander Herrera
57%
A 2018-2020 51 Cameroun Eric-Maxim Choupo-Moting
57%
M 2021-2023 38 Pays-Bas Georginio Wijnaldum
57%
D 2015-2024 154 France Layvin Kurzawa
57%
D 2023-2025 37 Slovaquie Milan Skriniar
57%
D 2019-2021 45 Pays-Bas Mitchell Bakker
55%
M 2016-2019 53 Argentine Giovani Lo Celso
53%
A 2023-2025 54 France Randal Kolo Muani
53%
M 2006-2015 249 France Clément Chantôme
51%
M 2022-2023 27 Portugal Renato Sanches
51%
D 2018-2024 77 France Colin Dagba
49%
A 2016-2020 18 Espagne Jesé
49%
G 2025- 3 Italie Renato Marin
49%
M 2026- 11 Espagne Dro Fernandez
45%
M 2016-2019 19 Pologne Grzegorz Krychowiak
45%
D 2017-2018 32 Espagne Yuri Berchiche
45%
A 2023-2025 47 Espagne Marco Asensio
43%
M 2020-2022 39 Brésil Rafinha
43%
M 2021-2022 11 Pays-Bas Xavi Simons
43%
M 2014-2015 58 France Yohan Cabaye
43%
M 2015-2019 78 France Christopher Nkunku
40%
D 2025-2026 3 France Noham Kamara
40%
G 2019-2024 24 Espagne Sergio Rico
40%
G 2023-2025 8 Espagne Arnau Tenas
38%
A 2017-2018 13 Portugal Gonçalo Guedes
38%
A 2014-2017 31 France Jean-Kévin Augustin
38%
A 2014-2018 32 France Hatem Ben Arfa
36%
A 2017-2019 6 Etats-Unis Timothy Weah
36%
D 2007-2015 224 France Zoumana Camara
36%
G 2020-2024 2 France Alexandre Letellier
34%
A 2018-2019 34 France Moussa Diaby
34%
M 2015-2016 40 France Benjamin Stambouli
32%
A 2022-2024 33 France Hugo Ekitike
32%
G 2019-2022 2 Pologne Marcin Bulka
32%
A 2025- 15 France Quentin Ndjantou
30%
D 2013-2016 44 France Lucas Digne
28%
G 2011-2016 43 France Nicolas Douchez
28%
D 2022-2024 45 France Nordi Mukiele
26%
D 2014-2017 81 France Serge Aurier
26%
M 2023-2025 4 Italie Cher Ndour
23%
M 2021-2024 12 Espagne Ismaël Gharbi
23%
M 2018-2019 19 France Lassana Diarra
23%
M 2019-2020 13 France Tanguy Kouassi
23%
A 2011-2018 53 France Jean-Christophe Bahebeck
21%
M 2019-2020 3 France Adil Aouchiche
19%
M 2021-2024 8 France Edouard Michut
19%
D 2021-2023 19 France El Chadaille Bitshiabu
19%
A 2020-2022 5 France Arnaud Kalimuendo
17%
M 2025- 2 France Noah Nsoki
17%
D 2017-2019 16 France Stanley Nsoki
17%
D 2020-2023 15 France Timothée Pembélé
17%
D 2024-2025 11 France Yoram Zague
15%
M 2021-2022 14 France Eric Junior Dina-Ebimbe
11%
D 2025- 1 France David Boly
9%
A 2013-2017 16 France Hervin Ongenda
9%
M 2017-2019 1 France Yacine Adli
9%
D 2016-2019 1 France Alec Georgen
6%
A 2023 2 Maroc Ilyès Housni
6%
M 2025- 2 France Mathis Jangeal
6%
A 2021-2023 1 France Kenny Nagera
4%
D 2025 3 France Alex Tape
2%
D 2019-2020 1 France Arthur Zagré
2%
M 2020-2022 6 France Bandiougou Fadiga
2%
A 2022-2023 1 France Djeidi Gassama
2%
A 2016 7 France Jonathan Ikoné
2%
D 2015-2019 5 France Kévin Rimane
2%
D 2019-2020 3 France Loïc Mbe Soh
2%
M 2016-2018 1 France Lorenzo Callegari
2%
A 2019 1 Turquie Metehan Güclü
2%
D 2021-2022 1 France Nathan Bitumazala
2%
A 2026- 1 France Pierre Mounguengue
2%
A 2015-2016 1 France Timothée Taufflieb
2%
M 2018-2019 3 France Antoine Bernede
0%
A 2021-2022 1 Guinée Sekou Yansané
0%
M 2015-2016 1 France Yakou Méïté
0%
Aucun quiz correspondant
Distribution des résultats
% des personnes avec chaque résultat
Percentile par nombre de réponses
Votre historique - résultats
Vous n’avez pas pris ce quiz depuis la dernière actualisation